000 00593nam a2200217 a 4500
001 0001-1962
003 ELIB.Books
008 190121 2010 eng
020 _a0817009191
092 _a268.6 Rus
_bRus
100 _aRusbuldt, Richard E.
245 _aBasic Teacher Skills
_bHandbook for Church School Teachers
260 _aValley Forge
_bJudson Press
_c1992
300 _a140
_c20.4 cm
650 _aTeaching Method
856 _nKBTS Library
_uKBTS Elib
942 _2ddc
_cBK
990 _a2
998 _aEnglishbooks.elf
_ccat
_e2019-01-21
999 _c11962
_d11962